[Event "Balmaceda Segura Memorial op"]
[Site "Santa Barbara de Heredia"]
[Date "2022.06.25"]
[Round "6"]
[White "Badilla Hernandez, Johans"]
[Black "Quiros Cajina, Allan"]
[Result "0-1"]
[WhiteElo "1545"]
[BlackElo "1551"]
[PlyCount "81"]
[EventDate "2022.05.21"]
[EventType "swiss"]
[EventRounds "6"]
[EventCountry "CRI"]
[SourceTitle "EXT 2024"]
[Source "ChessBase"]
[SourceDate "2023.10.10"]
[SourceVersion "1"]
[SourceVersionDate "2023.10.10"]
[SourceQuality "1"]

1. d4 d5 2. c4 c6 3. Nc3 Nf6 4. Nf3 e6 5. Bf4 Bb4 6. Rc1 Qa5 7. a3 Bxc3+ 8. bxc3 Ne4 9. Qb3 dxc4 10. Qb4 Qxb4 11. cxb4 b5 12. e3 Nd7 13. a4 Ndf6 14. Ne5 Bb7 15. f3 g5 16. fxe4 gxf4 17. exf4 Nxe4 18. Be2 Rd8 19. Nf3 Nf6 20. 0-0 Nd5 21. Rfd1 Nxf4 22. Kf2 Rg8 23. g3 Nd5 24. Ne5 f6 25. Ng4 Ke7 26. Bf3 Nxb4 27. axb5 Nd3+ 28. Rxd3 cxd3 29. bxc6 Rc8 30. Ra1 Bxc6 31. Rxa7+ Bd7 32. Rxd7+ Kxd7 33. Nxf6+ Kd6 34. Nxg8 Rxg8 35. Ke3 Rf8 36. Be4 h6 37. h4 Rg8 38. Kf2 d2 39. Bf3 Rf8 40. Ke3 Rxf3+ 41. Kxf3 0-1

[Event "Balmaceda Segura Memorial op"]
[Site "Santa Barbara de Heredia"]
[Date "2022.06.11"]
[Round "4"]
[White "Guillen Murillo, Sergio Guillermo"]
[Black "Quiros Cajina, Allan"]
[Result "1-0"]
[WhiteElo "1739"]
[BlackElo "1551"]
[PlyCount "75"]
[EventDate "2022.05.21"]
[EventType "swiss"]
[EventRounds "6"]
[EventCountry "CRI"]
[SourceTitle "EXT 2024"]
[Source "ChessBase"]
[SourceDate "2023.10.10"]
[SourceVersion "1"]
[SourceVersionDate "2023.10.10"]
[SourceQuality "1"]

1. e4 c5 2. d3 e6 3. Nf3 Nc6 4. g3 Qc7 5. Bg2 Nf6 6. 0-0 b5 7. a4 b4 8. Re1 d6 9. Nbd2 Bb7 10. Nc4 a5 11. Bf4 Nh5 12. Bd2 Be7 13. b3 Nf6 14. h3 0-0 15. Bf4 Nd7 16. g4 Nd4 17. Nxd4 cxd4 18. Bg3 e5 19. Qe2 Nb6 20. Nd2 Rac8 21. Rac1 Qd8 22. f4 Bh4 23. Qf2 Bxg3 24. Qxg3 Rc5 25. Rf1 Qc7 26. Nc4 Nd7 27. g5 d5 28. exd5 Bxd5 29. Bxd5 Rxd5 30. f5 Nb6 31. f6 Nxc4 32. dxc4 Rd7 33. Rf5 e4 34. Qxc7 Rxc7 35. Re1 Re8 36. Rd5 gxf6 37. gxf6 Rc6 38. Rxe4 1-0

[Event "San Jose Bronstein Memorial"]
[Site "San Jose"]
[Date "2016.02.28"]
[Round "6"]
[White "Quiros Cajina, Allan"]
[Black "Gomez Huertas, Stanley"]
[Result "1/2-1/2"]
[WhiteElo "1842"]
[BlackElo "2118"]
[PlyCount "88"]
[EventDate "2016.02.21"]
[EventType "tourn"]
[EventRounds "7"]
[EventCountry "CRI"]
[SourceTitle "CBM 171 Extra"]
[Source "ChessBase"]
[SourceDate "2016.04.26"]
[SourceVersion "1"]
[SourceVersionDate "2016.04.26"]
[SourceQuality "1"]

1. e4 e5 2. Nf3 Nc6 3. d4 exd4 4. Nxd4 Bb4+ 5. c3 Bc5 6. Be2 Nge7 7. 0-0 0-0 8. Be3 Bb6 9. Nd2 d5 10. Bf3 Nxd4 11. Bxd4 Bxd4 12. cxd4 dxe4 13. Nxe4 Nf5 14. d5 Nd6 15. Re1 Bf5 16. Rc1 Re8 17. Ng3 Bg6 18. Qd2 h6 19. Qc3 Rc8 20. Nh5 Bxh5 21. Bxh5 Qh4 22. Bf3 Rxe1+ 23. Rxe1 Qc4 24. Qxc4 Nxc4 25. b3 Nd6 26. Kf1 Re8 27. Rxe8+ Nxe8 28. Ke2 Kf8 29. Kd3 Ke7 30. a4 Kd6 31. Kd4 g6 32. h3 a5 33. g3 Nf6 34. Bg2 Nd7 35. Bf1 Nc5 36. Bc4 f5 37. f3 g5 38. f4 Ne4 39. fxg5 Nxg5 40. h4 Nh7 41. Bd3 Nf6 42. Bxf5 Nxd5 43. Be4 Ne7 44. g4 b6 1/2-1/2